Documento de análisis /

Պահպանված է:
Մատենագիտական մանրամասներ
Համատեղ հեղինակ: Centro de Estudios para la Acción Social
Ձևաչափ: Գիրք
Լեզու:Spanish
Հրապարակվել է: San José, Costa Rica CEPAS
Խորագրեր:
Ցուցիչներ: Ավելացրեք ցուցիչ
Չկան պիտակներ, Եղեք առաջինը, ով նշում է այս գրառումը!

MARC

LEADER 00000nam a22000007a 4500
003 cru CIDCACS/IIS
005 20171207111027.0
007 ta
008 170304| cr ||||| |||| 00| 0 spa d
999 |c 18975  |d 18975 
022 |2 ISBN:9977-78-013-7 
040 |c cru CIDCACS/IIS 
090 |a REV0372 
110 2 |9 3252  |a Centro de Estudios para la Acción Social 
245 1 |a Documento de análisis /  |c Centro de Estudios para la Acción Social 
260 |a San José, Costa Rica  |b CEPAS 
270 |e Apdo. Postal 131-1001 
500 |a EXISTENCIAS:1986 (5) 1987 (6) 1989 (10) 1990 (12-14) 1991 (15-17) 
500 |a ISBN 9977-78-013-7 
650 1 0 |9 2023  |a POLITICA AGRARIA 
650 4 |9 2696  |a ORGANIZACIONES CAMPESINAS 
650 1 0 |9 398  |a TENENCIA DE LA TIERRA  
650 4 |9 3253  |a POLITICA GUBERNAMENTAL 
651 1 0 |9 32  |a COSTA RICA 
942 |2 ddc  |c PP